书目信息 |
| 题名: |
社交礼仪
|
|
| 作者: | 王世平 编著 | |
| 分册: | ||
| 出版信息: | 北京 冶金工业出版社 2000.02 |
|
| 页数: | 173页 | |
| 开本: | 32开 | |
| 丛书名: | ||
| 单 册: | ||
| 中图分类: | K891 | |
| 科图分类: | ||
| 主题词: | 风俗习惯 | |
| 电子资源: | ||
| ISBN: | 7-5024-2502-0 | |
| 000 | 00528nam0 2200193 45 | |
| 001 | 0010231623 | |
| 005 | 20001023162837.8 | |
| 010 | @a7-5024-2502-0@d9.80元 | |
| 100 | @a20001023d2000 km y0chiy0120 ea | |
| 101 | 0 | @achi |
| 105 | @a z 000yy | |
| 200 | 1 | @a社交礼仪@AShe Jiao Li Yi@f王世平编著@FWang Shi Ping Bian Zhu |
| 210 | @a北京@c冶金工业出版社@d2000.02 | |
| 215 | @a173页@d32开 | |
| 606 | 0 | @a风俗习惯 |
| 690 | @aK891@v3 | |
| 701 | 0 | @a王世平@4编著 |
| 801 | @aCN@bPftUser@c20001023 | |
| 905 | @b184197-201@dK891@eW695@f5 | |
| 社交礼仪/王世平编著.-北京:冶金工业出版社,2000.02 |
| 173页;32开 |
| ISBN 7-5024-2502-0:9.80元 |
| ● |
| 相关链接 |
|
|
|
正题名:社交礼仪
索取号:K891/W695
 
预约/预借
| 序号 | 登录号 | 条形码 | 馆藏地/架位号 | 状态 | 备注 |
| 1 | 184197 | 201841971 | 自科二线404/400A自科库 1排2列1层/ [索取号:K891/W695] | 在馆 | |
| 2 | 184198 | 201841980 | 社科库309/309社科库 10排1列2层/ [索取号:K891/W695] | 在馆 | |
| 3 | 184199 | 201841999 | 社科库309/309社科库 10排1列2层/ [索取号:K891/W695] | 在馆 | |
| 4 | 184200 | 201842006 | 自科二线404/400A自科库 1排2列1层/ [索取号:K891/W695] | 在馆 | |
| 5 | 184201 | 201842015 | 自科二线404/400A自科库 1排2列1层/ [索取号:K891/W695] | 在馆 |